| 000 | 00391nam a2200157Ia 4500 | ||
|---|---|---|---|
| 999 |
_c30268 _d30268 |
||
| 003 | OSt | ||
| 005 | 20250624130927.0 | ||
| 008 | 250310s9999||||xx |||||||||||||| ||und|| | ||
| 040 | _c. | ||
| 082 |
_a823 _bJ599 |
||
| 100 |
_96042 _aJhabvala, R. Prawer |
||
| 245 | 0 |
_aGet ready for battle / _cR. Prawer Jhabvala |
|
| 260 |
_aLondon : _bJohn Murray, _c1962. |
||
| 300 | _a224 p. | ||
| 942 |
_cBK _2ddc |
||